01174cam a22002293a 4500001000500000005001700005020002400022040004000046050001400086082000800100100002500108245003400133260003500167300002300202490002500225500002600250505000800276520058900284521002000873521002000893655003100913101320250210090647.0 a0590629786 (pbk.) : aOCOcOCOdECLdOCLdOCLCQdDLCbeng00aPZ7.A6484 aFic1 aApplegate, Katherine14aThe visitor /cK.A. Applegate aNew York :bScholastic,c2011. a175 pages :c20 cm1 aAnimorphs ;vBook 02 a"An Apple paperback." aM  aRachel is still reeling from the news that the Earth is secretly under attack by parasitic aliens known as the Yeerks. And that she and her friends-five kids who, purely by chance, stumbled onto a downed spacecraft and were given the power to morph into any animal they touch-are the planet's only defense. But Rachel's always been something of a daredevil. So when it's suggested that they infiltrate the home of their assistant principal, Mr. Chapman, who also happens to be a human host of the Yeerks, she volunteers. But what she finds inside may be more than even she can handle. a530 bLexile  aM bRaz-Plus  7aYoung adult fiction.2lcsh